000 00695nam a2200289Ia 4500
005 20260324121635.0
008 008 260324s9999 xx 000 0 eng d
020 _a9781315577364
037 _aEBOOK
040 _aCRL
040 _beng
040 _cCRL
041 _2eng
041 _aeng
084 _qCRL
100 _aRachel Carling-Jenkins
_91163296
245 0 _aDisability and Social Movements
245 0 _bLearning from Australian Experiences
260 _bTaylor and Francis
260 _c2014
365 _a
365 _b240
856 _uhttp://www.taylorfrancis.com/books/9781315577364
942 _cEBOOK
999 _c1755531
_d1755531